Čo ovplyvňuje chuť na pivo determinanty spotreby piva v Európe
Spotreba piva v Európe a identifikácia faktorov, ktoré spotrebu ovplyvňujú. Vzťah medzi spotrebou piva a výškou príjmu. Spotreba piva v Česku.
Gespeichert in:
| 1. Verfasser: | |
|---|---|
| Weitere Verfasser: | |
| Format: | Buchkapitel |
| Sprache: | Slowakisch |
| Schlagworte: | |
| Tags: |
Keine Tags, Fügen Sie das erste Tag hinzu!
|
MARC
| LEADER | 00000naa$a2200000$$$4500 | ||
|---|---|---|---|
| 001 | 0258109 | ||
| 005 | 20240502074104.7 | ||
| 041 | 0 | |a slo | |
| 044 | |a SK | ||
| 245 | 1 | 0 | |a Čo ovplyvňuje chuť na pivo |b determinanty spotreby piva v Európe |c Patrik Jankovič, Peter Mandžák |
| 520 | |a Spotreba piva v Európe a identifikácia faktorov, ktoré spotrebu ovplyvňujú. Vzťah medzi spotrebou piva a výškou príjmu. Spotreba piva v Česku. | ||
| 610 | 2 | 0 | |a pivo |
| 610 | 2 | 0 | |a analýza regresná |
| 610 | 2 | 0 | |a spotreba obyvateľstva |
| 610 | 2 | 0 | |a Česko |
| 610 | 2 | 0 | |a Európa |
| 610 | 2 | 0 | |a príjmy |
| 100 | 1 | |a Jankovič, Patrik, 1992- | |
| 700 | 1 | |a Mandžák, Peter | |